000 00270nam a2200085Ia 4500
245 0 _aHumanity : an introduction to cultural anthropology
100 _a Peoples, James G. Belmont, CA, 2009 8th ed
_977461
942 _cBK
008 210817s9999 xx 000 0 und d
999 _c264665
_d264664